Départements ayant le plus de communes finissant par "ac" - Statistiques

Statistiques générales
  • Ce quiz a été pris 173 fois
  • Le résultat moyen est 19 sur 26
Réponses sur la Carte
Les réponses sont colorées sur une échelle allant du rouge au vert en fonction du pourcentage des utilisateurs qui les ont devinées à leur premier essai. Vous pouvez retrouver ces pourcentages ci-dessous.
 
Statistiques - réponses
Nombre de communes
finissant par "ac"
Département % Correct
101 Gironde
91%
72 Lot
90%
95 Dordogne
88%
30 Tarn
88%
35 Lot-et-Garonne
87%
18 Tarn-et-Garonne
84%
36 Haute-Garonne
83%
39 Cantal
81%
81 Charente
81%
42 Aveyron
80%
47 Corrèze
80%
62 Charente-Maritime
78%
37 Gers
78%
13 Lozère
75%
22 Ariège
74%
21 Aude
72%
28 Gard
72%
32 Hautes-Pyrénées
72%
11 Hérault
71%
31 Haute-Vienne
67%
18 Ardèche
58%
28 Haute-Loire
58%
25 Morbihan
50%
13 Côtes d'Armor
47%
16 Ille-et-Vilaine
43%
12 Loire-Atlantique
38%
Aucun quiz correspondant
Distribution des résultats
% des personnes avec chaque résultat
Percentile par nombre de réponses
Votre historique - résultats
Vous n’avez pas pris ce quiz